Statistics for Artists That Have Worked with Jack Harlow

Click here to take the quiz!

General Stats

  • This quiz has been taken 5 times
  • The average score is 12 of 33

Answer Stats

Artist% Correct
DaBaby
100%
Chris Brown
50%
Dave
50%
Drake
50%
Eminem
50%
Jung Kook
50%
Justin Timberlake
50%
Lil Baby
50%
Lil Wayne
50%
Pharrell Williams
50%
Pooh Shiesty
50%
Rod Wave
50%
Saweetie
50%
Tory Lanez
50%
24kGoldn
25%
Adam Levine
25%
Audrey Nuna
25%
Babyface Ray
25%
Big Sean
25%
Bryson Tiller
25%
Cordae
25%
Cyhi the Prynce
25%
EST Gee
25%
Felly
25%
G-Eazy
25%
Kanye West
25%
K. Camp
25%
Post Malone
25%
Schloob
25%
Static Major
25%
Taylor
25%
The Homies
25%
Ty Dolla Sign
25%

Score Distribution

Percentile by Number Answered

Percent of People with Each Score

Your Score History

You have not taken this quiz